000 00507nam a2200205Ia 4500
003 OSt
005 20230602082723.0
008 210423s2008 xx 000 0 und d
040 _cAL
041 _aeng
082 _a150
_223
_bTAYH
100 _aTAYLAR (Shelley E)
_9118454
245 _aHealth psychology
260 _aNew Delhi
_bTata McGraw-hill
_c2008
365 _b485
_cINR
650 _aPhilosophy
_9118455
650 _aPsychology
_9118456
906 _aHealth ; psychology
942 _2ddc
_cBK
999 _c175644
_d175644